Caricamento...
Principles of functional analysis
| Autore principale: | |
|---|---|
| Natura: | Printed Book |
| Pubblicazione: |
Academic Press, New York
1971
|
| Soggetti: |
| LEADER | 00494nam a2200169 4500 | ||
|---|---|---|---|
| 082 | |a 515.7 SCH-P;1 | ||
| 100 | |a Schechter, Martin | ||
| 245 | |a Principles of functional analysis |c Martin Schechter | ||
| 250 | |||
| 260 | |a Academic Press, New York |c 1971 | ||
| 300 | |||
| 490 | |||
| 650 | |a Functional analysis-- Mathematics | ||
| 700 | |||
| 942 | |c BK | ||
| 999 | |c 200643 |d 200643 | ||
| 952 | |0 0 |1 0 |4 0 |6 515_700000000000000_SCHP1 |7 0 |9 213992 |a MAT |b MAT |l 0 |o 515.7 SCH-P;1 |p MAT1461 |r 2019-11-01 |w 2019-11-01 |y BK | ||